000 00307nam a2200133 i 4500
001 bg
245 0 _aOkean sam po sebe i dlja nas /
_cCh. Drake [i in.].
260 _aMoskva,
_c1982.
700 1 _aDRAKE, Ch.
040 _cBPK
041 _apol
942 _cKS
008 s pl f |000 0 pol
999 _c21666
_d21666
856 _uhttp://koha.tu.koszalin.pl/cgi-bin/koha/opac-detail.pl?biblionumber=21666
_yKatalog online BPK